|
|
|
|
| LEADER |
02198nam a2200565 a 4500 |
| 001 |
nkc20142639170 |
| 003 |
CZ PrNK |
| 005 |
20191022142224.0 |
| 007 |
ta |
| 008 |
141120s2014 xr e f 001 0 cze |
| 015 |
|
|
|a cnb002639170
|
| 020 |
|
|
|a 978-80-7263-906-9
|q (brož.)
|
| 035 |
|
|
|a (OCoLC)903090086
|
| 040 |
|
|
|a OLA001
|b cze
|d ABA001
|
| 041 |
1 |
|
|a cze
|h eng
|
| 072 |
|
7 |
|a 159.92
|x Vývojová psychologie. Individuální psychologie
|2 Konspekt
|9 17
|
| 080 |
|
|
|a 613.86
|2 MRF
|
| 080 |
|
|
|a 165.24
|2 MRF
|
| 080 |
|
|
|a 159.923.2
|2 MRF
|
| 080 |
|
|
|a 165.242.1
|2 MRF
|
| 080 |
|
|
|a 17.02
|2 MRF
|
| 080 |
|
|
|a (0.062)
|2 MRF
|
| 100 |
1 |
|
|a Williams, J. Mark G.,
|d 1952-
|7 hka2013793637
|4 aut
|
| 245 |
1 |
0 |
|a Všímavost :
|b jak najít klid v uspěchaném světě /
|c Mark Williams, Danny Penman ; [z anglického originálu ... přeložil Jan Burian]
|
| 246 |
3 |
0 |
|a Jak najít klid v uspěchaném světě
|
| 260 |
|
|
|a Olomouc :
|b ANAG,
|c 2014
|
| 300 |
|
|
|a 223 s. ;
|c 23 cm +
|e 1 CD
|
| 500 |
|
|
|a 2. dotisk v roce 2014
|
| 504 |
|
|
|a Obsahuje bibliografii, bibliografické odkazy a rejstřík
|
| 650 |
0 |
7 |
|a zvládání stresu
|7 ph135858
|2 czenas
|
| 650 |
0 |
7 |
|a meditační techniky
|7 ph135741
|2 czenas
|
| 650 |
0 |
7 |
|a sebepoznání
|7 ph116116
|2 czenas
|
| 650 |
0 |
7 |
|a sebeuvědomování
|7 ph217729
|2 czenas
|
| 650 |
0 |
7 |
|a životní harmonie
|7 ph138147
|2 czenas
|
| 650 |
0 |
9 |
|a stress management
|2 eczenas
|
| 650 |
0 |
9 |
|a meditation techniques
|2 eczenas
|
| 650 |
0 |
9 |
|a self-consciousness
|2 eczenas
|
| 650 |
0 |
9 |
|a self-awareness
|2 eczenas
|
| 650 |
0 |
9 |
|a harmony of life
|2 eczenas
|
| 655 |
|
7 |
|a populárně-naučné publikace
|7 fd131864
|2 czenas
|
| 655 |
|
9 |
|a popular works
|2 eczenas
|
| 700 |
1 |
|
|a Penman, Danny
|7 ola2014850580
|4 aut
|
| 765 |
0 |
|
|t Mindfulness
|9 Česky
|
| 856 |
4 |
1 |
|u http://www.digitalniknihovna.cz/mzk/uuid/uuid:e72eb5c0-dfdc-11ec-bad2-5ef3fc9bb22f
|y Digitalizovaný dokument
|x NDK
|
| 910 |
2 |
|
|a BOA001
|b 2-1337.619
|
| 990 |
|
|
|a BK
|
| 995 |
|
|
|a 01
|
| 991 |
|
|
|b 201412
|c NOV
|e n
|
| 996 |
6 |
|
|b 2610614064
|c 2-1337.619
|l MZK
|r Sklad / do 1 hodiny
|n 13
|p p.v.
|w 001475705
|u 000010
|a 1
|e BOA001
|j MZK50
|s P
|
| 996 |
7 |
|
|b 2610624355
|c 2-1337.619
|l MZK
|r Sklad / do 1 hodiny
|n 46
|p kup
|w 001475705
|u 000020
|a 1
|e BOA001
|j MZK50
|s A
|